00773nam a2200253Ia 450000500170000000800390001702000180005610000350007424500330010925000220014226400260016430000260019033600270021633700330024333800280027649000220030465000340032665000380036065000270039865000240042565000240044904000350047308400110050820220317000337.0141031s2011 sp 00 0gspa d0j s spa a97884206509991 aLezama Lima, Joséd1912-197610aParadisocJosé Lezama Lima aSegunda edición 1aMadridbAlianzac2011 a607 páginasc18 cm. atextobtxt2rdacontent asin mediaciónbn2rdamedia avolumenbnc2rdacarrier aAlianza literaria142LEMBaNovela cubanaySiglo XX142LEMBaLiteratura cubanaySiglo XX142LEMBaVisitasvNovela 142LEMBaAmorvNovela 142LEMBaCubavNovela  aCO-BoRNBPbspaerdacCO-BoRNBP aN LEZ1